000 00652nam a2200205 i 4500
001 34721
003 ES-MaACL
005 20250925165629.0
007 t|
008 030207s1969 sp ||||1| spa d
100 1 _aBleuler, E.
_929482
245 1 0 _aAfectividad, sugestibilidad, paranoia /
_cE. Bleuler ; [versión y estudio, prólogo por Bartolomé Llopis].
260 _aMadrid :
_bMorata,
_c[1969]
300 _a206 p. ;
_c22 cm.
650 4 _aPsicopatología.
_916577
650 0 7 _aPsiquiatría
_2embne
_916586
700 1 _aLlopis, Bartolomé,
_d1905-1966
_972825
852 _aES-MaACL
_jC-37005
_bR.70781
999 _c34721
_d34721